Missing Word: Athlete Nicknames Quiz Stats

 Plays Quiz Updated Apr 5, 2013

Challenge
Share
Tweet
Embed
Score 0/20 Timer 02:00
5 Plays Today
Nickname Missing Word % Correct
The Great ____ SharkWhite
91%
The ____ OneGreat
87.3%
The Wizard of ____Oz
84%
The ____ MambaBlack
76.5%
____ of SwatSultan
72.9%
Mr. ____October
66.2%
The Human ____ ReelHighlight
60.1%
The Say Hey ____Kid
59.8%
The Real ____Deal
56.2%
The ____ HorseIron
55.9%
Nickname Missing Word % Correct
The Big ____Hurt
53.8%
Agent ____Zero
47.6%
Charlie ____Hustle
44%
The ____ MasterZen
40.2%
The Round ____ of ReboundMound
38.5%
The Flying ____Dutchman
36.3%
The ____ of DefenseMinister
31.8%
The ____ RocketRussian
31.3%
The Galloping ____Ghost
27.9%
The Wizard of ____Westwood
18.3%

Today's Daily Dose

Missing Word
Entertainment 'L'

Word Ladder
Fingers

Quick Pick
When in Rome

On This Day
December 15th II

You're not logged in!

Compare scores with friends on all Sporcle quizzes.
OR
Log In

You Might Also Like...

Show Comments

Extras

Top Quizzes Today


Score Distribution

Your Account Isn't Verified!

In order to create a playlist on Sporcle, you need to verify the email address you used during registration. Go to your Sporcle Settings to finish the process.

Report this User

Report this user for behavior that violates our Community Guidelines.

Details: